| 000 | 00711cam a22001931 4500 | ||
|---|---|---|---|
| 082 | 0 | 0 |
_a621.381528 _bMAN _cL-11, P-103 |
| 100 | 1 |
_aManasse, Fred K. _941585 |
|
| 245 | 1 | 0 |
_aModern transistor electronics analysis and design _c[by] Fred K. Manasse, John A. Ekiss [and] Charles R. Gray. |
| 260 |
_aEnglewood Cliffs, N.J., _bPrentice-Hall _c[1967] |
||
| 300 |
_axix, 555 p. _billus. _c24 cm. |
||
| 526 |
_a0 _b0 _c0 _d621_381528000000000_MAN |
||
| 526 |
_a0 _b0 _c0 _d621_381528000000000_MAN |
||
| 526 |
_a0 _b0 _c0 _d621_381528000000000_MAN |
||
| 526 |
_a0 _b0 _c0 _d621_381528000000000_MAN |
||
| 650 | 0 |
_aTransistors. _941555 |
|
| 700 | 1 |
_aEkiss, John A., _941586 |
|
| 700 | 1 |
_aGray, Charles R., _941587 |
|
| 942 |
_2ddc _cBK |
||
| 999 |
_c545652 _d545652 |
||